00000000nam##2200000za#4500
0019.567924
003CaOODSP
00520210624181021
007cr |||||||||||
008150406|2000||||xxc|||||o    f|0| 0 eng|d
040 |aCaOODSP|beng
043 |an-cn---
0861 |aBT31-2/2001-III-96E-PDF
1101 |aCanada. |bTreasury Board.
24510|aCanada Economic Development for Quebec Regions, 2000–2001 estimates, report on plans and priorities |h[electronic resource]
2463 |aCanada Economic Development for Quebec Regions, 2000-2001 estimates. Part III, Report on plans and priorities
260 |aOttawa - Ontario : |bTreasury Board of Canada Secretariat |cc2000.
300 |a53p.|bgraph, tables, index
4901 |a2000-2001 estimates. Part III, Report on plans and priorities |v2000-2001
500 |aThe catalogue number (BT31-2/2001-III-96) and ISBN (0-660-61213-5) for the bilingual print edition have been incorrectly copied in this electronic publication.
590 |a10-13-Supp|b2010-11-23
77508|tDéveloppement économique Canada pour les régions du Québec, budget des dépenses 2000-2001, rapport sur les plans et les priorités |w(CaOODSP)9.599238
7760#|tCanada Economic Development for Quebec Regions |w(CaOODSP)9.533268
7760#|tDéveloppement économique Canada pour les régions du Québec |w(CaOODSP)9.533269
830#0|a2000-2001 estimates. Part III, Report on plans and priorities ;|v2000-2001|w(CaOODSP)9.506160
85640|ahttp://publications.gc.ca|qPDF|s375 KB|uhttps://publications.gc.ca/collections/Collection/BT31-2-2001-III-96E.pdf|y2000-2001